Scenár overovaný vývojom Postsocialistická transformácia a štát - podľa Kornaiho

Analýza ekonomík východoeurópskych krajín. Odporúčané reformy: transformácia štátneho vlastníctva a stabilizačné programy. Nereálnosť zníženia administratívnych výdavkov. Pomoc stratovým podnikom. Výdavky na sociálne účely. Názora popredného svetového ekonóma J. Kornaiho.

Saved in:
Bibliographic Details
Main Author: Zemanová, E.
Format: Book Chapter
Language:Slovak
Subjects:
Tags: Add Tag
No Tags, Be the first to tag this record!

MARC

LEADER 00000naa a2200000 4500
001 r014905
005 20221213113554.5
041 0 |a slo 
044 |a SK 
245 1 0 |a Scenár overovaný vývojom  |b Postsocialistická transformácia a štát - podľa Kornaiho  |c E. Zemanová 
520 |a Analýza ekonomík východoeurópskych krajín. Odporúčané reformy: transformácia štátneho vlastníctva a stabilizačné programy. Nereálnosť zníženia administratívnych výdavkov. Pomoc stratovým podnikom. Výdavky na sociálne účely. Názora popredného svetového ekonóma J. Kornaiho. 
610 2 0 |a transformácia 
610 2 0 |a vlastníctvo štátne 
610 2 0 |a vlastníctvo súkromné 
610 2 0 |a programy sociálne 
610 2 0 |a výdavky rozpočtu štátneho 
100 1 |a Zemanová, E.